Statistics for You Shook Me All Night Long AC/DC Finish the Lyrics!

Click here to take the quiz!

General Stats

  • This quiz has been taken 40 times
  • The average score is 25 of 30

Answer Stats

HintAnswer% Correct
Yeah, you shook me all _____ longnight
100%
Yeah, you shook me all _____ longnight
100%
And you shook me all _____ longnight
100%
And you shook me all ____ longnight
100%
Yeah, you shook me all ____ longnight
100%
She was the best damn _____ that I ever seenwoman
100%
Ooh, you shook me ___ night longall
94%
She told me to come, but I was ______ therealready
94%
Knocking me out with those _________ thighsAmerican
94%
She had the sightless eyes, telling me no ____lies
94%
She was a fast ________, she kept her motor cleanMachine
91%
Had to cool me ____ to take another rounddown
88%
You really got me and you shook me all night ____long
88%
Yeah, you shook __me
88%
That the walls were shaking, the Earth was _______quaking
88%
____ one of a kind, she's just mine, all mineShes
88%
Yeah, you _____ meshook
88%
Well, you _____ meshook
88%
My ____ was aching and we were making itmind
85%
My ____ was aching and we were making itmind
85%
'Cause the _____ start shaking, the Earth was quakingwalls
85%
Taking more than her _____, had me fighting for airshare
79%
Now I'm back in the ____ to take another swingring
73%
Working ______ time on the seduction linedouble
70%
You really ____ me and you shook me all night longtook
64%
Made a meal _____ me, and come back for moreoutta
61%
Yeah, ____, you shook me all night longyeah
58%
Wanted no ________, it's just another courseapplause
55%
You had me ______ and you shook me all night longshaking
42%
And _______ me out, I said you shook me all night longknocked
30%

Score Distribution

Percentile by Number Answered

Percent of People with Each Score

Your Score History

You have not taken this quiz